Atlas V Configuration First Missions - Statistics

General Stats
  • This quiz has been taken 13 times
  • The average score is 9 of 11
Answer Stats
Configuration Date Answer % Correct
541 November 26, 2011 Mars Science Laboratory (MSL/Curiosity)
100%
551 January 19, 2006 New Horizons
88%
N22 December 20, 2019 Starliner OFT-1
88%
511 January 21, 2022 USSF-8
88%
411 April 20, 2006 Astra 1KR
75%
401 August 21, 2002 Hot Bird 6
75%
431 March 11, 2005 Inmarsat-4 F1
75%
501 April 22, 2010 USA-212 (X-37B OTV-1)
75%
531 August 14, 2010 USA-214 (AEHF-1)
75%
521 July 17, 2003 Rainbow-1
63%
421 October 11, 2007 USA-195 (WGS-1)
63%
No matching quizzes found
Score Distribution
Percent of People with Each Score
Percentile by Number Answered
Your Score History
You have not taken this quiz